El Sistema de colegios humanísticos: una innovación educativa al servicio de la equidad y la excelencia /
Gespeichert in:
| 1. Verfasser: | |
|---|---|
| Format: | Text |
| Tags: |
Tag hinzufügen
Keine Tags, Fügen Sie den ersten Tag hinzu!
|
MARC
| LEADER | 00000 a a2200000 04500 | ||
|---|---|---|---|
| 001 | 17383 | ||
| 003 | |||
| 040 | |||
| 100 | |a Mora Escalante, Sonia Marta | ||
| 245 | |a El Sistema de colegios humanísticos: |b una innovación educativa al servicio de la equidad y la excelencia / |c aSonia Marta Mora Escalante | ||
| 773 | |g número 4; páginas 339-364 | ||
| 999 | |c 24529 |d 24529 | ||
